000 00490cam a22001577a 4500
008 180718b2010 xxu||||| |||| 00| 0 eng d
020 _a9780199590148
082 _aJ7 B356
245 _aUrbanization and development:multidisciplinary perspectives
_cedited by Jo, Beall,
260 _aNew York
_bOxford
_c2010
300 _a327p.
650 _aUrbanization -- Economic aspects -- Developing countries
700 _aKanbur, Ravi
700 _aGuha-Khasnobis, Basudeb
700 _aBeall, Jo
999 _c443183
_d443183